000 01625nam0a2200337 4500
001 RU\NLR\BIBL_A\011468701
005 20241103085032.0
010 _a9785001110774
_91500
021 _aRU
_b2017-59667
_94223
035 _a(RuMoRGB)008961881
035 _a(NLR Aleph) 011468701
090 _a11843310
_c11843310
100 _a20170908d2017 k y0rusy50 ca
101 0 _arus
102 _aRU
105 _aachzzz00011zd
200 1 _aРусские офицеры о революции
_e[сборник мемуаров выдающихся офицеров Русской императорской армии
_eк 100-летию русской революции
_fредактор-составитель: И. А. Корешкин]
210 _aМосква
_cОлма
_d2017
_cТорговый дом "Абрис"
215 _a383 с., [10] л. цв. ил., портр., факс.
_cил., портр.
_d22
225 1 _aПортрет эпохи
_iРусская революция
320 _aБиблиогр. в подстроч. примеч.
606 _aВеликая Октябрьская социалистическая революция
_jВоспоминания, записки и т.п
_z1917
_9912483
_3RU\NLR\AUTH\6613825
606 0 _aОфицеры
_jВоспоминания, записки и т.п
_yРоссия
_z1917 - 1922
_92549745
_3RU\NLR\auth\661508868
686 _aТ3(2)71,013.1
_2rubbk
686 1 _aТ3(2)711.2,013я1
686 1 _aЦ4,8(2)243.1я1
702 1 _aКорешкин
_bИ. А.
_4220
942 _cBOOK
980 _aNBR